000 00429nam a2200169Ia 4500
008 230718s9999 xx 000 0 und d
041 _aeng
082 _a604.20
_bKUM
100 _aKumar A.
_9111386
245 _aEngineering Graphics II
250 _a3 rd Ed.
260 _c2005
_bTech Max Publications
300 _a660
365 _cRs.
_b565.00
700 _aKumar A.
_9111386
906 _dB:26104-Apr-2008
_cALLEDS
_b84.75
999 _c318628
_d318628